|
|
|
|
| LEADER |
01452Cam#a2200361#a#4500 |
| 001 |
023401 |
| 003 |
AR-BeUNQ |
| 005 |
20191030140000.0 |
| 008 |
111101s2011||||xx ad f m 000 0 spa d |
| 999 |
|
|
|c 807
|d 76194
|
| 040 |
|
|
|a AR-BeUNQ
|e aacr
|
| 082 |
0 |
4 |
|a 571.76
|2 21
|
| 100 |
1 |
|
|a Quiroga, Yamila.
|
| 245 |
1 |
0 |
|a Estudio de las poblaciones neuronales productoras de TRH que se activan en respuesta al frío
|c Yamila Quiroga.
|
| 260 |
|
|
|c 2011.
|
| 300 |
|
|
|a 45 h. :
|b il., gráficos ;
|c 30 cm.+
|e CD-ROM
|
| 500 |
|
|
|a Director: Mario Perelló.
|
| 500 |
|
|
|a Tutor académico: Mariano Gabri.
|
| 500 |
|
|
|a Lugar de realización: Laboratorio de Neurofisiolog¡a del Instituto Multidisciplinario de Biolog¡a Celular (IMBICE).
|
| 500 |
|
|
|a Trabajo de tesis presentado para la obtención del grado de Licenciado en Biotecnolog¡a.
|
| 502 |
|
|
|a Tesis (licenciatura) -- Universidad Nacional de Quilmes, 2011.
|
| 504 |
|
|
|a Incluye referencias bibliográficas.
|
| 594 |
|
|
|a LICENCIATURA EN BIOTECNOLOGIA
|
| 650 |
|
7 |
|a Neuronas
|2 spines
|
| 650 |
|
7 |
|a Sistema nervioso
|2 spines
|
| 650 |
|
7 |
|a Homeostasis
|2 spines
|
| 653 |
|
|
|a Neuroanatomía
|
| 655 |
|
7 |
|a Tesis
|2 toit
|
| 700 |
1 |
|
|a Perelló, Mario.
|
| 700 |
1 |
|
|a Gabri, Mariano
|9 1970
|
| 710 |
2 |
|
|a Universidad Nacional de Quilmes,
|4 dgg
|e institución otorgante del título
|
| 929 |
|
|
|a DONACION
|b Proveniente de: Dto. de Ciencia y tecnología
|d 0,00
|e 20111003
|f PAT0040256
|g P171
|j 47152
|
| 942 |
|
|
|c TES
|n 0
|